000 00760nam a22002297a 4500
999 _c8693
_d8693
003 AR-CdUCM
008 190325b ||||| |||| 00| 0 spa d
020 _a84-329-2939-5
040 _aMUNICIPALIDAD PROVINCIAL DEL CUSCO
_cBIBLIOTECA MUNICIPAL DEL CUSCO
082 _a635.97 /
_bI36
100 _aIgoa, José Maria
_924285
245 _aJardines /
260 _aEspaña :
_bCeac,
_c1962.
300 _a263 páginas ;
_c22 cm.
505 _aContenido : Generalidades -- Composición de jardines -- Trazado y construcción -- Trazado de jardines particulares ...
650 _aJardines
_9672
650 _aTrazado
_924286
650 _aconstrucción
_94996
710 _aMonografías y CEAC de construcción
_924287
942 _2ddc
_cLIBROS
945 _arah